| 000 | 00706nam a2200241Ia 4500 | ||
|---|---|---|---|
| 005 | 20260430150456.0 | ||
| 008 | 008 250103s9999 xx 000 0 eng d | ||
| 037 | _aTheses | ||
| 040 | _aCRL | ||
| 040 | _beng | ||
| 040 | _ceng | ||
| 041 | _2eng | ||
| 041 | _aeng | ||
| 084 | _qCRL | ||
| 100 |
_aBhattacharya Aparajita Au.; Bawa Seema Gu. _91237619 |
||
| 245 | 0 | _aReligiosity, Architecture and Culture Forms: Contextualizing the ‘Gupta Temples’ of Central India (4th Century C.E to 6th Century C.E) | |
| 260 | _c2022 | ||
| 300 | _a537p. | ||
| 650 | _aHistory | ||
| 700 | _aUniversity of Delhi. Faculty of Social Sciences. Deptt.of History | ||
| 942 | _cTH | ||
| 999 |
_c1849867 _d1849867 |
||